000 00609nam a2200205 a 4500
001 637469
005 20250327123826.0
008 940304s1994 wiua b 001 0 eng
020 _a0697201341
050 0 0 _aHD30.3
_b.D33 1994
082 0 0 _a658.4/5
_220
100 1 _aDaniels, Tom D.
245 1 0 _aPerspectives on organizational communication /
_cTom D. Daniels, Barry K. Spiker.
250 _a3rd ed.
260 _aMadison, Wis. :
_bBrown & Benchmark,
_cc1994.
300 _axv, 344 p. :
_bill. ;
_c24 cm.
650 0 _aCommunication in organizations.
700 1 _aSpiker, Barry K.
942 _2lcc
_cBK
_n0
999 _c5253
_d5253